| 000 | 00721nam a22002537a 4500 | ||
|---|---|---|---|
| 001 | BR8706400 | ||
| 003 | BR-BrBNA | ||
| 005 | 20230928092732.0 | ||
| 007 | ta | ||
| 008 | 230509b bl.||||| |||| 00| 0 por d | ||
| 040 |
_aBR-BrBNA _bpor _cBiblioteca Nacional de Agricultura |
||
| 041 | _a(Por) | ||
| 072 | _aH01 | ||
| 090 | _ H01 BR8706400 | ||
| 100 | 1 | _aBranco, E.P. | |
| 110 | 1 | _aAssociacao de Credito e Assistencia Rural de Santa Catarina, Florianopolis (Brasil) | |
| 245 | 1 | _aOrientacoes praticas de manejo dos agrotoxicos | |
| 260 | 3 |
_aFlorianopolis, SC (Brasil): _c1986. |
|
| 300 | _a31 p. | ||
| 500 | _a15 tables; 9 ref. | ||
| 650 | _aAGROTOXICO | ||
| 909 |
_a202309 _bLucia _c55 _dLucia Elande |
||
| 942 | _cBK | ||
| 999 |
_c40892 _d40892 |
||